Στήλη καπνού
Αποθηκεύτηκε σε:
| Κύριος συγγραφέας: | |
|---|---|
| Μορφή: | Βιβλίο |
| Γλώσσα: | Greek |
| Δημοσίευση: |
Αθήνα :
Κέδρος,
1979
|
| Θέματα: | |
| Ετικέτες: |
Προσθήκη ετικέτας
Δεν υπάρχουν, Καταχωρήστε ετικέτα πρώτοι!
|
MARC
| LEADER | 00000cam a2200000 i 4500 | ||
|---|---|---|---|
| 001 | 1/49458 | ||
| 008 | 040226s1979 gre d | ||
| 035 | |l 10072419 | ||
| 040 | |a GR-MY-UA |b gre |e aacr | ||
| 041 | 0 | |a gre | |
| 082 | 0 | |a 889.134 | |
| 100 | 1 | |a Κωνσταντάκης, Γιάννης Γ., |d 1909- | |
| 245 | 1 | 0 | |a Στήλη καπνού / |c Γιάννη Κωνσταντάκη |
| 260 | |a Αθήνα : |b Κέδρος, |c 1979 | ||
| 300 | |a 111 σ. | ||
| 650 | 0 | 0 | |a Greek poetry, Modern. |
| 852 | |a INST |b RHODES |c AKA |e 20040314 |h 889.134 ΚΩΝ |p 005400019442 |q 005400019442 |t BK |y 0 | ||
| 852 | |a INST |b RHODES |c AKA |e 20040226 |h 889.134 ΚΩΝ |p 005400019582 |q 005400019582 |t BK |y 0 | ||
| 901 | |a BIBL4-2004-1 | ||
| 909 | |a Ρ |b 105201 | ||
| 909 | |a Ρ |b 109095 | ||
| 970 | |a ΚΟΥΛΑΚΙΟΤΗ |b ΛΙΤΣΑ |z 2004/02/26 | ||